000 00676nam a2200253Ia 4500
003 OSt
005 20221007104130.0
006 a|||||r|||| 00| 0
007 ta
008 221006b |||||||| |||| 00| 0 eng d
024 _a15,001
037 _cTextual
040 _aLCO
_cLCO
_beng
041 _2eng
_aeng
082 _aZk, P8
100 _aBiswas A.R.
245 0 _aEncyclopaedic Law Dictionary
_b Legal and Commercial (A To Z)
250 _a3rd
260 _aAgra
_bWadhwa and Company India
_c2008
300 _a1572
650 _aENCYCLOPAEDIC LAW DICTIONARY
_9705709
942 _hZk, P8
_cTEXL
999 _c1184564
_d1184564